| 000 | 00616nam a2200181 a 4500 | ||
|---|---|---|---|
| 005 | 20210223125010.0 | ||
| 008 | 030616s1967 mx r 000 0 spa d | ||
| 035 | _aUPN01000125606 | ||
| 049 | _aSEP | ||
| 050 | 4 |
_aAC70 _bC8.6 no.104 |
|
| 245 | 0 | 0 |
_aAntología de la poesía brasileña contemporánea / _cselec., tr. e introd. Hugo Entenssoro B. |
| 260 |
_aMéxico : _bSEP, Subsecretaría de Asuntos Culturales, _c1967. |
||
| 300 | _a61 p. | ||
| 440 | 0 |
_aCuadernos de lectura popular ; _v104. _pLa honda del espíritu |
|
| 650 | 4 |
_aPOESIA BRASILEÑA _924732 |
|
| 700 | 1 |
_aEntenssoro B., Hugo, _ecomp. |
|
| 905 | _aLibro | ||
| 999 |
_c97785 _d97785 |
||